[Event "SLO-CupT"]
[Site "Dobrna"]
[Date "2019.04.14"]
[Round "4.7"]
[White "Javornik, Nik"]
[Black "Cosic, Marin"]
[Result "0-1"]
[WhiteElo "1551"]
[BlackElo "2130"]
[PlyCount "84"]
[EventDate "2019.04.12"]
[EventType "team-swiss"]
[EventRounds "5"]
[EventCountry "SLO"]
[SourceTitle "EXT 2020"]
[Source "ChessBase"]
[SourceDate "2019.10.17"]
[SourceVersion "1"]
[SourceVersionDate "2019.10.17"]
[SourceQuality "1"]
[WhiteTeam "Maribor ZSK"]
[BlackTeam "Zalec"]
[WhiteTeamCountry "SLO"]
[BlackTeamCountry "SLO"]

1. e4 c5 2. Nf3 e6 3. d4 cxd4 4. Nxd4 Nc6 5. Nc3 Qc7 6. Be3 a6 7. Qd2 Nf6 8. f3 b5 9. Nxc6 dxc6 10. Be2 Be7 11. 0-0 0-0 12. Rad1 c5 13. b3 Rd8 14. Qc1 Bd7 15. Rd2 c4 16. bxc4 Bc5 17. Bxc5 Qxc5+ 18. Kh1 Rdc8 19. Rfd1 b4 20. Nb1 Ba4 21. Rf1 Nd7 22. c3 a5 23. cxb4 axb4 24. Qb2 Nb6 25. Rc1 Bd7 26. Rcc2 e5 27. Qc1 Be6 28. Rd1 h5 29. Nd2 Na4 30. Nb3 Qe7 31. Rdd2 Nc3 32. Rxc3 bxc3 33. Qxc3 Qa3 34. Rc2 f6 35. Bf1 Ra4 36. c5 Qb4 37. Qd3 Ra3 38. Qd6 Bxb3 39. axb3 Kh7 40. Qe6 Qe1 41. Qf5+ Kh6 42. Kg1 Qe3+ 0-1

[Event "SLO-chT"]
[Site "Slovenia"]
[Date "2016.12.09"]
[Round "7.5"]
[White "Cosic, Marin"]
[Black "Ribli, Zoltan"]
[Result "0-1"]
[WhiteElo "2218"]
[BlackElo "2555"]
[PlyCount "118"]
[EventDate "2016.10.14"]
[EventType "team-tourn"]
[EventRounds "9"]
[EventCountry "SLO"]
[SourceTitle "EXT 2018"]
[Source "ChessBase"]
[SourceDate "2017.10.13"]
[SourceVersion "1"]
[SourceVersionDate "2017.10.13"]
[SourceQuality "1"]
[WhiteTeam "Zalec"]
[BlackTeam "Pomgrad Radenska"]
[WhiteTeamCountry "SLO"]
[BlackTeamCountry "SLO"]

1. d4 d5 2. Nf3 Nf6 3. Bf4 c5 4. e3 Nc6 5. Nbd2 Qb6 6. dxc5 Qxb2 7. Rb1 Qc3 8. Bb5 e6 9. 0-0 Be7 10. Ne5 Bd7 11. Bxc6 Bxc6 12. Nxc6 bxc6 13. Rb7 Qxc5 14. c4 0-0 15. Qb1 Bd6 16. Nb3 Qa3 17. Bxd6 Qxd6 18. c5 Qd8 19. Nd4 Qa5 20. Nxc6 Qxc5 21. Rc1 Qa3 22. h3 Ne4 23. Rc2 Kh8 24. Qb3 Qa6 25. Ne5 Kg8 26. Qb5 Qxb5 27. Rxb5 Rfc8 28. Rxc8+ Rxc8 29. Rb7 f6 30. Nd3 Rc3 31. Nf4 Rc1+ 32. Kh2 Nxf2 33. Rb8+ Kf7 34. Rb7+ Ke8 35. Nxe6 Rh1+ 36. Kg3 Ne4+ 37. Kg4 g6 38. Nc7+ Kd7 39. Rxa7 h5+ 40. Kh4 Kc6 41. Ne8 Rg1 42. Rc7+ Kb5 43. Rc2 Rd1 44. Nc7+ Kb6 45. Ne6 Rd3 46. Nc7 Kb7 47. g4 hxg4 48. Kxg4 Nd6 49. Ne6 Nc4 50. Nc5+ Kb6 51. Rxc4 dxc4 52. Nxd3 cxd3 53. Kf3 Kc5 54. Kf2 g5 55. Ke1 f5 56. Kd2 Kc4 57. a4 g4 58. hxg4 fxg4 59. a5 g3 0-1

[Event "SLO-chT"]
[Site "Slovenia"]
[Date "2016.11.11"]
[Round "4.3"]
[White "Zorko, Jure"]
[Black "Cosic, Marin"]
[Result "1-0"]
[WhiteElo "2463"]
[BlackElo "2218"]
[PlyCount "82"]
[EventDate "2016.10.14"]
[EventType "team-tourn"]
[EventRounds "9"]
[EventCountry "SLO"]
[SourceTitle "CBM 175 Extra"]
[Source "ChessBase"]
[SourceDate "2016.12.12"]
[SourceVersion "1"]
[SourceVersionDate "2016.12.12"]
[SourceQuality "1"]
[WhiteTeam "Novo Mesto Krka"]
[BlackTeam "Zalec"]
[WhiteTeamCountry "SLO"]
[BlackTeamCountry "SLO"]

1. d4 d5 2. c4 c6 3. Nf3 Nf6 4. e3 g6 5. Nc3 Bg7 6. Be2 0-0 7. 0-0 Re8 8. h3 a6 9. Bd2 Nbd7 10. cxd5 cxd5 11. Qb3 e6 12. Rfc1 Ne4 13. Be1 Nd6 14. a4 b6 15. Na2 Bb7 16. Nb4 Nb8 17. Ne5 Bxe5 18. dxe5 Nc4 19. Bxc4 dxc4 20. Rxc4 a5 21. Rd1 Qe7 22. h4 Bxg2 23. Kxg2 axb4 24. Bxb4 Qb7+ 25. f3 Nc6 26. Bc3 Na5 27. Bxa5 Rxa5 28. Qc3 Rd5 29. Rxd5 Qxd5 30. h5 gxh5 31. Rd4 Qb7 32. Qd2 Qe7 33. Qf2 Kh8 34. Qh4 Qxh4 35. Rxh4 Rd8 36. Rb4 Ra8 37. b3 Ra6 38. Kg3 Kg7 39. f4 Kg6 40. e4 Kh6 41. Kh4 Kg6 1-0

[Event "SLO-chT"]
[Site "Slovenia"]
[Date "2016.10.14"]
[Round "1"]
[White "Cosic, Marin"]
[Black "Mazi, Leon"]
[Result "1-0"]
[WhiteElo "2218"]
[BlackElo "2357"]
[PlyCount "119"]
[EventDate "2016.10.14"]
[EventType "team-tourn"]
[EventRounds "9"]
[EventCountry "SLO"]
[SourceTitle "EXT 2017"]
[Source "ChessBase"]
[SourceDate "2016.10.25"]
[SourceVersion "1"]
[SourceVersionDate "2016.10.25"]
[SourceQuality "1"]
[WhiteTeam "Zalec"]
[BlackTeam "Prevodi Dvojka"]
[WhiteTeamCountry "SLO"]
[BlackTeamCountry "SLO"]

1. d4 Nf6 2. Nf3 d6 3. Bg5 Nbd7 4. e3 e5 5. Be2 Be7 6. 0-0 0-0 7. c4 Ne8 8. Bxe7 Qxe7 9. dxe5 dxe5 10. Nc3 c6 11. Qc2 Ndf6 12. Rfd1 Bg4 13. Rd2 h6 14. Rad1 Nc7 15. h3 Bxf3 16. Bxf3 Rfd8 17. Qf5 Rxd2 18. Rxd2 g6 19. Qd3 Ne6 20. Qd6 Qxd6 21. Rxd6 Kf8 22. Rd2 a5 23. Ne4 Nxe4 24. Bxe4 Ke7 25. Kf1 Rf8 26. g3 Nc5 27. Bc2 f5 28. f3 Rf6 29. Ke2 f4 30. g4 Ne6 31. h4 Nc5 32. Rd1 Re6 33. g5 h5 34. Rd2 Nd7 35. a3 Nb6 36. b3 fxe3 37. Kxe3 a4 38. Rd1 axb3 39. Bxb3 c5 40. a4 Nc8 41. Rd5 b6 42. a5 bxa5 43. Rxc5 Nd6 44. Rxa5 Nf5+ 45. Ke4 Nxh4 46. c5 Rc6 47. Bd5 Rc7 48. Kxe5 Nf5 49. Be4 h4 50. f4 h3 51. Bxf5 gxf5 52. Kxf5 h2 53. Ra1 Rxc5+ 54. Kg6 Rc6+ 55. Kg7 Ke6 56. Rh1 Rc2 57. Kg6 Rg2 58. f5+ Ke5 59. f6 Kf4 60. Rf1+ 1-0

[Event "CRO-chT1A 24th"]
[Site "Bol"]
[Date "2015.10.06"]
[Round "4.46"]
[White "Muse, Mladen"]
[Black "Cosic, Marin"]
[Result "1-0"]
[WhiteElo "2380"]
[BlackElo "2240"]
[PlyCount "81"]
[EventDate "2015.10.03"]
[EventType "team-tourn"]
[EventRounds "9"]
[EventCountry "CRO"]
[SourceTitle "CBM 168 Extra"]
[Source "ChessBase"]
[SourceDate "2015.10.29"]
[SourceVersion "1"]
[SourceVersionDate "2015.10.29"]
[SourceQuality "1"]
[WhiteTeam "Solin Cemex"]
[BlackTeam "Zagreb Zagreb"]
[WhiteTeamCountry "CRO"]
[BlackTeamCountry "CRO"]

1. c4 Nf6 2. Nc3 d6 3. d4 e5 4. Nf3 Nbd7 5. e4 c6 6. Be2 Be7 7. 0-0 0-0 8. Re1 Re8 9. Bf1 Qc7 10. Rb1 Nf8 11. h3 Ng6 12. d5 h6 13. Be3 Nf4 14. Kh2 g5 15. Ng1 Ng6 16. Nge2 Kh7 17. Ng3 Nh4 18. Nh5 g4 19. Nxf6+ Bxf6 20. hxg4 Rg8 21. f3 Bg5 22. g3 Ng6 23. Qd2 Qe7 24. Bxg5 hxg5 25. Kg2 c5 26. Be2 Kg7 27. Rh1 Bd7 28. Rh5 f6 29. Nd1 Rh8 30. Nf2 a5 31. b3 b6 32. a3 Rh7 33. b4 axb4 34. axb4 Be8 35. bxc5 dxc5 36. Rxb6 Nf8 37. Rxh7+ Kxh7 38. Qb2 Ra7 39. Nd1 Qc7 40. Rb8 Ra2 41. Rb7 1-0

[Event "SLO-chT1 East"]
[Site "Celje"]
[Date "2014.10.19"]
[Round "9"]
[White "Lazar, Ales Ml"]
[Black "Cosic, Marin"]
[Result "1-0"]
[WhiteElo "2305"]
[BlackElo "2296"]
[PlyCount "79"]
[EventDate "2014.10.09"]
[EventType "team-tourn"]
[EventRounds "9"]
[EventCountry "SLO"]
[SourceTitle "EXT 2019"]
[Source "ChessBase"]
[SourceDate "2018.10.10"]
[SourceVersion "1"]
[SourceVersionDate "2018.10.10"]
[SourceQuality "1"]
[WhiteTeam "Radenska Pomgrad II"]
[BlackTeam "Zalec"]
[WhiteTeamCountry "SLO"]
[BlackTeamCountry "SLO"]

1. e4 c5 2. c3 e6 3. d4 d5 4. exd5 exd5 5. Nf3 Nc6 6. Bb5 Bd6 7. dxc5 Bxc5 8. 0-0 Nge7 9. Nbd2 0-0 10. Nb3 Bb6 11. Bd3 Bf5 12. Re1 Qd7 13. Be3 Bxe3 14. Rxe3 Rad8 15. Bxf5 Qxf5 16. Nbd4 Qd7 17. Qe2 Nc8 18. Re1 h6 19. h3 Qc7 20. Qc2 Nd6 21. Qb3 Na5 22. Qa4 Nac4 23. R3e2 Nb6 24. Qb3 Rfe8 25. Nb5 Qb8 26. Nxd6 Rxe2 27. Rxe2 Qxd6 28. Nd4 Qd7 29. Qa3 Qa4 30. Qe7 Qd7 31. Qe5 Nc4 32. Qh5 Kh7 33. b3 g6 34. Qh4 Nd6 35. Re7 Qc8 36. Qf6 Qxc3 37. Rxf7+ Nxf7 38. Qxf7+ Kh8 39. Qf6+ Kh7 40. Qe7+ 1-0

[Event "SLO-chT1 East"]
[Site "Celje"]
[Date "2014.10.12"]
[Round "5"]
[White "Cosic, Marin"]
[Black "Povse, Martin"]
[Result "1-0"]
[WhiteElo "2296"]
[BlackElo "2081"]
[PlyCount "81"]
[EventDate "2014.10.09"]
[EventType "team-tourn"]
[EventRounds "9"]
[EventCountry "SLO"]
[SourceTitle "EXT 2019"]
[Source "ChessBase"]
[SourceDate "2018.10.10"]
[SourceVersion "1"]
[SourceVersionDate "2018.10.10"]
[SourceQuality "1"]
[WhiteTeam "Zalec"]
[BlackTeam "Milan Majcen Sevnica"]
[WhiteTeamCountry "SLO"]
[BlackTeamCountry "SLO"]

1. d4 d5 2. Nf3 e6 3. e3 Bd6 4. c4 c6 5. Nc3 f5 6. Rb1 Nd7 7. b4 Qe7 8. b5 Ngf6 9. bxc6 bxc6 10. Qa4 0-0 11. c5 Nxc5 12. dxc5 Bxc5 13. Qxc6 Bd7 14. Qb7 a5 15. Bd2 Bb4 16. Be2 Rfb8 17. Qc7 Rc8 18. Qe5 Rc5 19. a3 Bxa3 20. Rb8+ Rxb8 21. Qxb8+ Rc8 22. Qb3 Bb4 23. 0-0 Rb8 24. Rb1 Qe8 25. Qa2 Qc8 26. Rc1 Qb7 27. Ne5 Be8 28. Nd3 Bxc3 29. Bxc3 a4 30. Be5 Rc8 31. Rxc8 Qxc8 32. f3 Bb5 33. Qb2 Bxd3 34. Bxd3 Kf7 35. Bb5 Qa8 36. Qa3 Qa5 37. Bf1 Qe1 38. Qc3 Qd1 39. Kf2 h6 40. Be2 Qb1 41. Qb2 1-0

[Event "SLO-chT1 East"]
[Site "Celje"]
[Date "2014.10.10"]
[Round "2"]
[White "Spalir, Jernej"]
[Black "Cosic, Marin"]
[Result "1-0"]
[WhiteElo "2339"]
[BlackElo "2296"]
[PlyCount "77"]
[EventDate "2014.10.09"]
[EventType "team-tourn"]
[EventRounds "9"]
[EventCountry "SLO"]
[SourceTitle "EXT 2019"]
[Source "ChessBase"]
[SourceDate "2018.10.10"]
[SourceVersion "1"]
[SourceVersionDate "2018.10.10"]
[SourceQuality "1"]
[WhiteTeam "Slovenj Gradec"]
[BlackTeam "Zalec"]
[WhiteTeamCountry "SLO"]
[BlackTeamCountry "SLO"]

1. d4 Nf6 2. c4 g6 3. Nc3 Bg7 4. e4 0-0 5. Nf3 d6 6. Be2 c6 7. 0-0 Qc7 8. h3 Nbd7 9. Re1 Re8 10. Bf1 e5 11. Be3 h6 12. Qc2 g5 13. g3 g4 14. Nh4 Nf8 15. dxe5 dxe5 16. Nf5 Bxf5 17. exf5 Rad8 18. b4 b6 19. a4 a5 20. c5 bxc5 21. b5 N8d7 22. Rad1 gxh3 23. Bxh3 e4 24. Bf4 Ne5 25. Bg2 cxb5 26. Nxb5 Qb6 27. Rxd8 Qxd8 28. Rd1 Qe7 29. Nd6 Rd8 30. Nxe4 Rxd1+ 31. Qxd1 Nxe4 32. Bxe4 c4 33. Qd5 Nd7 34. Qxc4 Nc5 35. Bd5 Bf8 36. Bd2 Qd7 37. Bxa5 Nxa4 38. Qg4+ Bg7 39. Bb3 1-0

[Event "SLO-chT2 East"]
[Site "Slovenia"]
[Date "2013.10.26"]
[Round "4"]
[White "Takacs, Balazs"]
[Black "Cosic, Marin"]
[Result "1/2-1/2"]
[WhiteElo "2354"]
[BlackElo "2302"]
[PlyCount "89"]
[EventDate "2013.09.07"]
[EventType "team-tourn"]
[EventRounds "9"]
[EventCountry "SLO"]
[SourceTitle "EXT 2015"]
[Source "ChessBase"]
[SourceDate "2014.11.20"]
[SourceVersion "1"]
[SourceVersionDate "2014.11.20"]
[SourceQuality "1"]

1. e4 c5 2. Nf3 e6 3. d4 cxd4 4. Nxd4 Nc6 5. Nc3 Qc7 6. g3 a6 7. Bg2 Nf6 8. 0-0 Be7 9. Re1 Nxd4 10. Qxd4 Bc5 11. Bf4 d6 12. Qd2 Ng4 13. Re2 Ne5 14. Na4 Ba7 15. Rd1 b5 16. Qxd6 Qxd6 17. Rxd6 Nc4 18. e5 Nxd6 19. exd6 Rb8 20. d7+ Bxd7 21. Bxb8 Bxb8 22. Nc5 Bc8 23. Rd2 Ke7 24. Bb7 Bd6 25. Bxc8 Rxc8 26. Nd3 Rc4 27. a3 f5 28. Re2 g5 29. f3 Kf6 30. Kg2 Rd4 31. Nf2 h5 32. h3 h4 33. g4 a5 34. Nd3 b4 35. axb4 axb4 36. b3 fxg4 37. fxg4 Bg3 38. Kf3 Bd6 39. Re4 Rd5 40. Re1 Ra5 41. Ke4 Ra2 42. Rc1 Ra8 43. Re1 Ra2 44. Rc1 Ra8 45. Re1 1/2-1/2

[Event "CRO-ch"]
[Site "Zagreb"]
[Date "1993.??.??"]
[Round "8"]
[White "Bozic, Stevan"]
[Black "Cosic, Marin"]
[Result "0-1"]
[WhiteElo "2230"]
[BlackElo "2295"]
[PlyCount "86"]
[EventDate "1993.??.??"]
[EventType "swiss"]
[EventRounds "9"]
[EventCountry "CRO"]
[SourceTitle "EXT 2002"]
[Source "ChessBase"]
[SourceDate "2001.11.25"]
[SourceVersion "1"]
[SourceVersionDate "2001.11.25"]
[SourceQuality "1"]

1. Nf3 Nf6 2. d4 g6 3. b3 Bg7 4. Bb2 0-0 5. Nbd2 d5 6. e3 Bg4 7. Bd3 Nbd7 8. 0-0 c5 9. c4 cxd4 10. exd4 dxc4 11. bxc4 e5 12. h3 Bxf3 13. Qxf3 exd4 14. Bxd4 Qc7 15. Rfd1 Rfe8 16. Bf1 Ne5 17. Qc3 Re6 18. Rab1 Nc6 19. Nf3 Rd8 20. Qb3 Nxd4 21. Rxd4 Nd7 22. Rd5 Rb6 23. Qd1 Rxb1 24. Qxb1 Nc5 25. Qb5 Rc8 26. g3 a6 27. Qb1 Re8 28. Qd1 Ne4 29. Qb3 Bf8 30. Ng5 Nf6 31. Rd1 h6 32. Nf3 Bc5 33. Nh2 Ne4 34. Ng4 h5 35. Ne3 Nxf2 36. Nd5 Nxd1+ 37. Kh2 Qe5 38. Qxd1 Bf2 39. Qf3 Bd4 40. c5 h4 41. Bc4 Qxg3+ 42. Qxg3 hxg3+ 43. Kxg3 Kg7 0-1

[Event "CRO Cup"]
[Site "Pula"]
[Date "1993.??.??"]
[Round "?"]
[White "Cosic, Marin"]
[Black "Vrban, Mladen"]
[Result "1-0"]
[WhiteElo "2295"]
[BlackElo "2320"]
[PlyCount "79"]
[EventDate "1993.??.??"]
[EventType "team"]
[EventRounds "5"]
[EventCountry "CRO"]
[SourceTitle "EXT 2000"]
[Source "ChessBase"]
[SourceDate "1999.11.16"]
[SourceVersion "1"]
[SourceVersionDate "1999.11.16"]
[SourceQuality "1"]

1. d4 Nf6 2. Nf3 g6 3. Bg5 Bg7 4. e3 d6 5. Be2 Nbd7 6. c4 c6 7. Nc3 Qc7 8. Qc2 0-0 9. 0-0 Re8 10. Rad1 Nf8 11. h3 N6d7 12. Rfe1 a6 13. a4 Qa5 14. Rb1 Qb4 15. Na2 Qb6 16. b4 e5 17. c5 dxc5 18. dxc5 Qc7 19. a5 Ne6 20. Nc3 Nxg5 21. Nxg5 Nf8 22. Bc4 Be6 23. Nxe6 Nxe6 24. Ne4 Rad8 25. Red1 Rxd1+ 26. Rxd1 Qe7 27. Nd6 Rb8 28. Qb3 Nd8 29. e4 Bf8 30. Rd3 Kg7 31. Rf3 f6 32. Nf5+ gxf5 33. Rg3+ Kh6 34. exf5 Ne6 35. Bxe6 Rd8 36. Qe3+ Kh5 37. Rg8 Bg7 38. g4+ Kh4 39. Qg3+ Kg5 40. h4+ 1-0

[Event "CRO-chT"]
[Site "Pula"]
[Date "1993.??.??"]
[Round "6"]
[White "Gyorkos, Lajos"]
[Black "Cosic, Marin"]
[Result "1/2-1/2"]
[WhiteElo "2435"]
[BlackElo "2295"]
[PlyCount "116"]
[EventDate "1993.??.??"]
[EventType "team"]
[EventRounds "9"]
[EventCountry "CRO"]
[SourceTitle "EXT 1998"]
[Source "ChessBase"]
[SourceDate "1997.11.17"]
[SourceVersion "1"]
[SourceVersionDate "1997.11.17"]
[SourceQuality "1"]

1. Nf3 Nf6 2. c4 c6 3. d4 d5 4. Nc3 g6 5. e3 Bg7 6. Be2 0-0 7. 0-0 Bg4 8. cxd5 Nxd5 9. Qc2 Nd7 10. Bd2 Nxc3 11. Bxc3 Nb6 12. Rfd1 Qc7 13. Rac1 Nd5 14. Be1 Rad8 15. h3 Bxf3 16. Bxf3 Qb8 17. b4 a6 18. a4 Rfe8 19. b5 cxb5 20. axb5 axb5 21. Qc5 e6 22. Qxb5 Rd6 23. Ba5 Rc8 24. e4 b6 25. Rxc8+ Qxc8 26. Be1 Nc7 27. Qc4 Qd8 28. e5 Bxe5 29. Bc3 Bf6 30. Bb2 Nd5 31. Ra1 h5 32. Ra7 Rd7 33. Ra6 Rc7 34. Qb5 Rb7 35. Qc6 Rb8 36. Ra7 Rc8 37. Qb5 Rc7 38. Ra6 Rb7 39. Qc6 Rb8 40. Ra7 Rc8 41. Qb5 Nc3 42. Qxb6 Bxd4 43. Qb7 Qe8 44. Bxc3 Bxc3 45. Qb6 Be5 46. g3 Rb8 47. Qc5 Bf6 48. Kg2 h4 49. g4 Qd8 50. Qc6 Qd4 51. Qc7 Rf8 52. Qd7 Qe5 53. Qc7 Qe1 54. Qa5 Bc3 55. Qg5 Bd4 56. Ra2 Qc3 57. Qxh4 Bf6 58. Qh6 Bg7 1/2-1/2

[Event "CRO-chT"]
[Site "Pula"]
[Date "1993.??.??"]
[Round "2"]
[White "Sermek, Drazen"]
[Black "Cosic, Marin"]
[Result "1-0"]
[WhiteElo "2495"]
[BlackElo "2295"]
[PlyCount "45"]
[EventDate "1993.??.??"]
[EventType "team"]
[EventRounds "9"]
[EventCountry "CRO"]
[SourceTitle "EXT 1998"]
[Source "ChessBase"]
[SourceDate "1997.11.17"]
[SourceVersion "1"]
[SourceVersionDate "1997.11.17"]
[SourceQuality "1"]

1. e4 c5 2. c3 e6 3. d4 d5 4. exd5 exd5 5. Be3 c4 6. b3 cxb3 7. axb3 Nf6 8. Bd3 Nc6 9. Nd2 Be7 10. h3 0-0 11. Qf3 Be6 12. Ne2 Qd7 13. 0-0 a5 14. Ng3 g6 15. Qf4 Ne8 16. Qh6 Ng7 17. Rae1 Bd6 18. Bf4 Ne7 19. Bxd6 Qxd6 20. Nde4 dxe4 21. Nxe4 Ne8 22. Nxd6 Nxd6 23. g4 1-0

[Event "Pula tt2"]
[Site "Pula"]
[Date "1990.??.??"]
[Round "?"]
[White "Vujakovic, Branko"]
[Black "Cosic, Marin"]
[Result "1/2-1/2"]
[WhiteElo "2395"]
[BlackElo "2285"]
[PlyCount "176"]
[EventDate "1990.??.??"]
[EventType "team"]
[EventRounds "11"]
[EventCountry "YUG"]
[SourceTitle "EXT 2000"]
[Source "ChessBase"]
[SourceDate "1999.11.16"]
[SourceVersion "1"]
[SourceVersionDate "1999.11.16"]
[SourceQuality "1"]

1. e4 c5 2. Nf3 e6 3. d4 cxd4 4. Nxd4 Nc6 5. Nc3 a6 6. Be2 Qc7 7. 0-0 Nf6 8. Kh1 Nxd4 9. Qxd4 Bc5 10. Qd3 b5 11. f4 Bb7 12. Bf3 0-0 13. e5 Ne8 14. Ne4 Be7 15. Be3 Rd8 16. Bd4 f5 17. exf6 gxf6 18. Nd2 Rf7 19. Rae1 Rg7 20. c3 Bxf3 21. Qxf3 Nd6 22. Ne4 Nxe4 23. Qxe4 f5 24. Qe3 Rg6 25. Rf3 Rf8 26. Rd1 Qc6 27. Rg3 Bf6 28. Kg1 Bxd4 29. Rxg6+ hxg6 30. Qxd4 Rf7 31. Qd6 Qb7 32. Rd4 Rg7 33. h4 Rh7 34. Qe5 Rf7 35. Kf2 Qb6 36. Qd6 Qd8 37. Kg3 Qc8 38. Kh3 Qb7 39. Qe5 Qb6 40. Qd6 Qb7 41. Kg3 Kh7 42. b3 Qa7 43. Qe5 Qb6 44. Rd6 Qb7 45. Qd4 Qc8 46. Rb6 Rf8 47. c4 bxc4 48. bxc4 a5 49. c5 Rf7 50. Qd6 Qa8 51. c6 dxc6 52. Qxe6 Rc7 53. h5 Qg8 54. hxg6+ Qxg6+ 55. Qxg6+ Kxg6 56. Ra6 Kh5 57. Rxa5 c5 58. Kf3 Rc6 59. a4 Rc8 60. Rb5 Kg6 61. a5 c4 62. Ke2 Kh5 63. Rxf5+ Kg4 64. Rf6 c3 65. Kd1 Rc5 66. a6 Ra5 67. Kc2 Ra3 68. Kd3 Kg3 69. Kc2 Kg4 70. Kd3 Kg3 71. Rf7 Rxa6 72. Kxc3 Ra4 73. f5 Kg4 74. Kd3 Kg5 75. Ke3 Rb4 76. Rf8 Ra4 77. Rf7 Rb4 78. Rf8 Ra4 79. Kf3 Rf4+ 80. Kg3 Rg4+ 81. Kh2 Rh4+ 82. Kg3 Rg4+ 83. Kf2 Rf4+ 84. Ke2 Re4+ 85. Kd3 Rb4 86. f6 Kg6 87. Ke3 Ra4 88. Kf3 Rb4 1/2-1/2

[Event "Catanzaro"]
[Site "Catanzaro"]
[Date "1985.12.13"]
[Round "3"]
[White "Cosic, Marin"]
[Black "Minic, Dragoljub"]
[Result "1/2-1/2"]
[WhiteElo "2305"]
[BlackElo "2415"]
[PlyCount "42"]
[EventDate "1985.12.11"]
[EventType "tourn"]
[EventRounds "11"]
[EventCountry "ITA"]
[SourceTitle "EXT 2023"]
[Source "ChessBase"]
[SourceDate "2022.10.05"]
[SourceVersion "1"]
[SourceVersionDate "2022.10.05"]
[SourceQuality "1"]

1. Nf3 d5 2. d4 e6 3. g3 c5 4. Bg2 Nc6 5. 0-0 Nf6 6. c4 dxc4 7. Qa4 cxd4 8. Nxd4 Nd5 9. Nxc6 Qd7 10. Qxc4 Qxc6 11. Qxc6+ bxc6 12. Nc3 Bd7 13. Bd2 Be7 14. Nxd5 cxd5 15. Bc3 0-0 16. e4 dxe4 17. Bxe4 Rac8 18. Rfd1 Ba4 19. Rd4 Be8 20. Rd2 Bc5 21. Rad1 Ba4 1/2-1/2